Những vấn đề nhân học tôn giáo

Những định nghĩa cơ bản về các hiện tượng tôn giáo và nhân học tôn giáo. Giới thiệu các lý thuyết nghiên cứu về tôn giáo khác nhau hiện hành

Gardado en:
Detalles Bibliográficos
Outros autores: Hoàng Cầm... (dịch), Nguyễn Văn Chính... (hiệu đính)
Formato: Libro
Idioma:Vietnamese
Publicado: Đà Nẵng Nxb. Đà Nẵng ; Tạp chí Xưa và Nay 2006
Series:Hội Khoa học Lịch sử Việt Nam
Những chủ đề:
Các nhãn: Engadir etiqueta
Sen Etiquetas, Sexa o primeiro en etiquetar este rexistro!
Thư viện lưu trữ: Mạng thư viện Đại học Đà Nẵng
LEADER 01499nam a2200373 4500
001 000006071
003 2225
005 20120321090342.0
008 110831s2006 viesd
020 |c 75000 
041 0 |a vie 
082 |a 200.1  |b VÂN 
245 0 |a Những vấn đề nhân học tôn giáo  |c Charles F. Keyes, Karl Marx, Emile Durkheim... ; Dịch: Hoàng Cầm... ; H.đ.: Nguyễn Văn Chính.. 
260 |a Đà Nẵng  |b Nxb. Đà Nẵng ; Tạp chí Xưa và Nay  |c 2006 
300 |a 500 tr  |c 24 cm 
490 |a Hội Khoa học Lịch sử Việt Nam 
500 |a Phụ lục: tr. 464-500 
520 |a Những định nghĩa cơ bản về các hiện tượng tôn giáo và nhân học tôn giáo. Giới thiệu các lý thuyết nghiên cứu về tôn giáo khác nhau hiện hành 
653 |a Tôn giáo 
653 |a Lí thuyết 
653 |a Nhân học 
700 |a Hoàng Cầm...  |e dịch 
700 |a Nguyễn Văn Chính...  |e hiệu đính 
910 |a Nguyễn Thị Kim Oanh  |d 31/08/2011 
OWN |a LSP 
AVA |a UDN50  |b LSP  |d 200.1 VÂN  |e available  |t Error 5001 Not defined in file expand_doc_bib_avail.  |f 10  |g 0  |h N  |i 0  |k 1 
999 |a From the UDN01 
AVA |a UDN50  |b LSP  |d 200.1 VÂN  |e available  |t Error 5001 Not defined in file expand_doc_bib_avail.  |f 10  |g 0  |h N  |i 0  |k 1 
TYP |a Monograph 
TYP |a Printed language 
980 |a Mạng thư viện Đại học Đà Nẵng